[Event "Vaujany op-A 2nd"]
[Site "Vaujany"]
[Date "2011.07.17"]
[Round "4"]
[White "Lobzhanidze, Davit"]
[Black "Olivier, Jean Christophe"]
[Result "1/2-1/2"]
[WhiteElo "2483"]
[BlackElo "2388"]
[Annotator "Olivier,JC"]
[PlyCount "133"]
[EventDate "2011.07.14"]
[EventType "swiss"]
[EventRounds "9"]
[EventCountry "FRA"]
[SourceTitle "EXT 2012"]
[Source "ChessBase"]
[SourceDate "2011.11.24"]
[SourceVersion "1"]
[SourceVersionDate "2011.11.24"]
[SourceQuality "1"]

1. e4 e5 2. Nf3 Nc6 3. Bb5 a6 4. Ba4 Nf6 5. O-O Be7 6. d3 d6 7. c3 O-O 8. Re1
Nd7 9. d4 Bf6 10. Bxc6 bxc6 11. Nbd2 a5 12. a4 exd4 13. cxd4 c5 14. d5 (14. e5
Be7) 14... Nb6 ({meilleur est} 14... Ba6 {et si} 15. Nb3 {alors} Bb7 16. Bd2 c6
) 15. h3 (15. Qc2) 15... Bd7 (15... Bb7) 16. Qc2 c6 ({si} 16... Qe8 17. e5 dxe5
18. Qxc5 $14) 17. e5 {un coup interessant} dxe5 18. d6 (18. dxc6 Bxc6 19. Qxc5
{est probalement meilleur}) 18... Nd5 ({preferable est peut-etre} 18... Be6)
19. Qxc5 Nb4 20. Ra3 Na6 21. Qe3 Nb4 22. Qc5 Na6 23. Qc4 Be6 24. Qe2 Bd5 25.
Ne4 Bxe4 26. Qxe4 Qxd6 27. Rc3 (27. Nxe5 {etait plus simple}) 27... Nb4 28. Bg5
(28. Nxe5 Rfe8 29. f4) 28... Rfe8 ({les noirs pouvaient conserver le pion par} 
28... Bxg5 29. Nxg5 Qg6 30. Qxe5 $2 Nd3) 29. Bxf6 Qxf6 30. Nxe5 Re6 31. Rf3 Qe7
32. Rfe3 Re8 (32... f6 33. Qc4 fxe5 34. Rxe5 $18) 33. Qc4 Qd6 34. Ng4 Rxe3 35.
Rxe3 Qd1+ 36. Kh2 Rxe3 37. Nxe3 Qd6+ 38. Kg1 Qe5 39. b3 h5 40. h4 g6 41. g3 Kg7
42. Qc1 Qd4 43. Nc4 Qd5 44. Qc3+ Kg8 45. Qd2 Qxd2 ({la finale de cavaliers est
difficile a tenir.} 45... Kf8 $1 46. Qxd5 (46. Qe3) 46... cxd5 47. Nxa5 Ke7 {
le cavalier blanc est enferme}) 46. Nxd2 c5 47. Kf1 f5 (47... Kf8 48. Ke2 Ke7
49. Ne4 Na6 50. Kd3 $18) 48. Ke2 Kf7 49. Nc4 Nc6 50. Kd3 (50. Ke3 Ke6 51. Kf4
Kf6 52. f3 {est une autre suite}) 50... Ke6 51. Ne3 Ke5 ({apres ce coup la
finale est perdue} 51... Nd4 52. Kc4 f4 53. gxf4 Kd6) 52. Kc4 (52. Ng2 Nd4 53.
Nf4 Nxb3 54. Nxg6+ Kf6 55. Nf4 $18 {Lobzhanidze}) 52... Nd4 53. Ng2 Ke4 54. Nf4
Kf3 55. Nd3 f4 56. Nxc5 ({meilleur est peut-etre} 56. gxf4 Kg4 (56... Nf5 57.
Kxc5 Nxh4 58. b4 $18) 57. Nxc5 Nf5 58. b4 axb4 59. a5) 56... Nf5 57. gxf4 Nxh4
58. b4 axb4 59. a5 Nf5 60. a6 Nd6+ 61. Kd5 Nc8 62. Kc6 h4 63. Kb7 Nd6+ 64. Kc7
Nb5+ 65. Kb6 Nd6 66. Kc7 Nb5+ 67. Kb6 1/2-1/2

[Event "Sinquefield Cup 4th"]
[Site "Saint Louis"]
[Date "2016.08.06"]
[Round "2"]
[White "Caruana, Fabiano"]
[Black "Topalov, Veselin"]
[Result "1/2-1/2"]
[WhiteElo "2807"]
[BlackElo "2761"]
[Annotator "Pavlovic,M"]
[PlyCount "82"]
[EventDate "2016.08.05"]
[EventType "tourn"]
[EventRounds "9"]
[EventCountry "USA"]
[EventCategory "22"]
[SourceTitle "CBM 174"]
[Source "ChessBase"]
[SourceDate "2016.09.13"]
[SourceVersion "1"]
[SourceVersionDate "2016.09.13"]
[SourceQuality "1"]

1. e4 e5 2. Nf3 Nc6 3. Bb5 a6 4. Ba4 Nf6 5. O-O Be7 6. d3 b5 7. Bb3 d6 8. a4
Bd7 9. c3 Na5 10. Ba2 $5 {A new idea, previously they went with the bishop to
c2:} (10. Bc2 c5 11. d4 Qb8 12. Bg5 h6 13. Bxf6 Bxf6 14. dxe5 dxe5 15. Qd5 Qc8
16. Nxe5 Be6 17. Qd6 Be7 18. Qd1 Qc7 19. axb5 axb5 20. Nf3 O-O 21. Nbd2 Rad8
22. Qe2 $16 {Black failed to equalise in Khairullin,I (2629)-Gustafsson,J 
(2629) Bangkok 2016.}) 10... c5 11. Bg5 O-O 12. axb5 axb5 13. Na3 Qb8 14. Nc2 {
White has an easy strategical plan taking on f6 and landing a knight on d5.} h6
15. Bh4 (15. Bxf6 $1 Bxf6 16. Ne3 Nc6 17. Qc2 {with typical play where White
has some pressure.}) 15... c4 $1 16. Nb4 Be6 17. Re1 Qb7 18. d4 Bg4 {The
bishop is locked on a2 and that helps Black immensly. In my opinion it is
easier to play with Black than with White.} 19. Bb1 Nb3 20. Rxa8 Rxa8 21. Ba2
$6 Nxe4 $1 {We are entering complications that is evaluated by enignes as a
clear win for Black, but this is a perfect example for the different approach
that humans are taking.} 22. Bxe7 Ned2 23. Bxb3 (23. Qc2 Nxf3+ 24. gxf3 Bxf3
25. Bxd6 Qc8 $1 $19) 23... Nxf3+ 24. gxf3 Bxf3 25. Bxd6 Bxd1 26. Bxd1 exd4 27.
cxd4 Qd7 28. Bg3 (28. Bc5 Ra1 29. f3 Qf5 30. Kf2 Qf4 $19) 28... Qxd4 (28... Re8
29. Rxe8+ Qxe8 30. Kf1 Qe4 31. Nc2 Qd3+ 32. Ke1 Qb3 33. Bd6 Qxb2 34. Bb4 Qb3
35. d5 {According to computers this is also winning for Black, but again to
make such choices is simply not easy.}) 29. Bf3 Qd2 30. Rd1 Qxd1+ {Topalov
wants to clean up the situation, but this doesn't win.} (30... Qxb2 $1 31. Bxa8
Qxb4 32. Rd8+ Kh7 {From a psychological point of view this is not an easy
choice for humans.} 33. Re8 (33. Be4+ g6 34. Kg2 (34. Re8) 34... Qe7 $19) 33...
f5 34. Bd5 c3 35. Bg8+ Kg6 36. Re6+ Kg5 {Black wins according to computers,
but nobody would even bother to calculate such positions, in tournament chess
it is unpractical.}) 31. Bxd1 Ra1 32. Kg2 Rxd1 33. Be5 f6 34. Bc3 Kf7 35. Nc2
g5 36. h3 Kg6 {Better for Black but not enough to win.} 37. Na3 Rd5 38. Kf3 f5
39. Kg3 f4+ 40. Kg2 Kf5 41. f3 h5 1/2-1/2

[Event "EU-Cup 32nd"]
[Site "Novi Sad"]
[Date "2016.11.09"]
[Round "4.2"]
[White "Morozevich, Alexander"]
[Black "Vitiugov, Nikita"]
[Result "0-1"]
[WhiteElo "2683"]
[BlackElo "2718"]
[Annotator "Pavlovic,M"]
[PlyCount "126"]
[EventDate "2016.11.06"]
[EventType "team-swiss"]
[EventRounds "7"]
[EventCountry "SRB"]
[SourceTitle "CBM 176"]
[Source "ChessBase"]
[SourceDate "2017.01.17"]
[SourceVersion "1"]
[SourceVersionDate "2017.01.17"]
[SourceQuality "1"]
[WhiteTeam "Sveti Nikolaj Srpski"]
[BlackTeam "Mednyi Vsadnik"]
[WhiteTeamCountry "SRB"]
[BlackTeamCountry "RUS"]

1. e4 e5 2. Nf3 Nc6 3. Bb5 a6 4. Ba4 Nf6 5. O-O Be7 6. d3 b5 7. Bb3 d6 8. a4 {
In the recently finished match Carlsen-Karjakin we saw Karjakin trying to get
the advantage with 8.a3, but without success.} Bd7 9. c3 Na5 10. Bc2 c5 11. d4
Qb8 12. Bg5 h6 13. Bxf6 Bxf6 14. axb5 {This line should be closely compared to
games given here but without taking on b5:} (14. dxc5 dxc5 15. Qd5 Qc8 (15...
Nb7 16. axb5 Be6 17. Qc6+ Bd7 18. Qd5 Be6 19. Qd1 axb5 20. Rxa8 Qxa8 21. Na3
Qa5 22. Nxb5 Bc4 23. Nd6+ Nxd6 24. Qxd6 Bxf1 25. Kxf1 $44 {1-0 (61) Navara,D 
(2703)-Caruana,F (2779) Rhodes 2013}) 16. Nxe5 Be6 17. Qd6 b4 $5 ({A possible
improvement over} 17... Be7 18. Qd1 Qc7 19. axb5 axb5 20. Nf3 O-O 21. Nbd2 Rad8
22. Qe2 Nc4 23. e5 g6 24. Rfe1 Rfe8 25. Nxc4 Bxc4 26. Qe3 $16 {1-0 (59)
Khairullin,I (2629)-Gustafsson,J (2629) Bangkok 2016. White is simply better.})
18. Nd2 (18. Nd3 $5 {looks a bit artificial though}) 18... Qd8 19. Qxd8+ Rxd8
20. Ndf3 Bxe5 21. Nxe5 b3 22. Bd1 Nc4 23. Nxc4 Bxc4 24. Re1 Rd2 {Black is
slightly better.}) 14... axb5 15. dxc5 dxc5 16. Qd5 Qc8 17. b4 (17. Nxe5 Be6
18. Qd6 Ra6 $1 {That is a key difference from the game above - taking on b5
allows these tactics.}) 17... Be6 18. Qxc5 Qxc5 19. bxc5 Kd7 20. Na3 Kc6 21.
Rab1 Rhb8 {The entire position is already OK for Black and in such situations
it is now not an easy task for White to find equalising moves. After all Black
has the bishop pair, and as we will see that can never be taken lightly.} 22.
Rfd1 (22. Bd3 Nc4 23. Nc2 Kxc5 {is fine for Black.}) 22... Nc4 23. Nxc4 bxc4
24. Rxb8 Rxb8 25. Ra1 Rb2 26. Bd1 Kxc5 27. Kf1 Bg4 $1 {Black is slightly
better, but it is not easy to attack the f2- or c3-pawn, so therefore Black
must use little tricks:} 28. Ra5+ (28. h3 Bxf3 29. gxf3 Bh4 $15) 28... Kb6 29.
Ra8 Kb7 30. Ra4 Bd7 31. Ra1 Bc6 32. Be2 Bb5 33. Bd1 $6 (33. Ke1 $1 Rc2 34. h4
Rxc3 35. Kd2 Rb3 36. Kc2 {It seems that Black can't progress from here. Of
course such ideas are not easy to evaluate in the game.}) 33... Kb6 34. Ke1 Be7
$1 35. Be2 Rc2 36. Nxe5 Bf6 37. Nxc4+ Kc5 38. Ra7 Bxc3+ 39. Kd1 Rxe2 40. Kxe2
Bxc4+ 41. Kf3 Kd6 42. g3 {Well I saw this game live actually and I thought
that Moroz would save it but I was wrong. Let's see...} Be6 43. Kg2 Ke5 44. f3
g5 45. Rc7 Bd4 46. Rb7 Bc5 47. Rb5 Kd4 48. h3 h5 49. h4 (49. g4 h4 50. Ra5 {
The only winning attempt would be to get the black king to g3, but I don't see
it there.}) 49... Bc4 50. Rb8 g4 51. f4 (51. fxg4 hxg4 52. h5 Bd3 53. Rd8+ Ke3
54. e5 Bf5 55. Rg8 Be4+ 56. Kh2 Kf3 57. Rg7 Bd5 58. h6 Bf2 59. h7 Bxg3+ 60. Kg1
{Another draw.}) 51... Bd3 52. e5 Be4+ 53. Kh2 Ke3 54. Rb5 Bd4 55. Rb3+ Ke2 56.
Rb4 Kd3 57. Rb3+ Ke2 58. Rb4 Ke3 59. Rb3+ Bd3 60. Rb4 Bc5 61. Rb2 Kf3 62. Rb3
Ke2 63. Rb2+ $4 (63. Rc3 Bd4 64. Ra3 Bf2 65. Rb3 {Just waiting would secure
the draw.}) 63... Kf1 $1 {With mate to follow.} 0-1

[Event "EU-chT (Men) 20th"]
[Site "Reykjavik"]
[Date "2015.11.20"]
[Round "7.2"]
[White "Perunovic, Milos"]
[Black "Stevic, Hrvoje"]
[Result "1-0"]
[WhiteElo "2624"]
[BlackElo "2602"]
[Annotator "Perunovic,M"]
[PlyCount "67"]
[EventDate "2015.11.13"]
[EventType "team-swiss"]
[EventRounds "9"]
[EventCountry "ISL"]
[SourceTitle "CBM 170"]
[Source "ChessBase"]
[SourceDate "2016.01.15"]
[SourceVersion "1"]
[SourceVersionDate "2016.01.15"]
[SourceQuality "1"]
[WhiteTeam "Serbia"]
[BlackTeam "Croatia"]
[WhiteTeamCountry "SRB"]
[BlackTeamCountry "CRO"]

1. e4 e5 2. Nf3 Nc6 3. Bb5 a6 4. Ba4 Nf6 5. O-O Be7 6. d3 b5 {Another
possibilty is 6...d6.} 7. Bb3 d6 8. a3 Na5 {The idea of the Chinese
grandmaster Ding Liren, which was applied in the World Cup in Baku.} ({The
main line is} 8... O-O 9. Nc3 Rb8 $5 (9... Bg4) 10. Be3 (10. Nd5 Nxd5 11. exd5
Nd4 12. Nxd4 exd4 13. a4 Bf6 14. axb5 axb5 $11 {Fressinet,L (2702)-Karpov,A 
(2628) Cap dAdge 2015}) 10... Na5 11. Ba2 c5 12. Nd5 c4 13. Nxe7+ Qxe7 14. Qe1
(14. Qd2 Nc6 15. h3 Be6 $13 {Leko,P (2708)-Carlsen,M (2850) Reykjavik 2015})
14... Qc7 15. b4 (15. Bg5 $14) 15... cxb3 16. cxb3 $14 {Bacrot,E (2686)
-Melkumyan,H (2632) Reykjavik 2015. White has the pair of bishops and a
slighty better position.}) 9. Ba2 c5 10. Nc3 Be6 11. Bg5 c4 12. Ne2 $5 $146 (
12. Nd2 O-O 13. Bxf6 Bxf6 14. Nd5 Bxd5 15. exd5 e4 $11 {Anand,V (2803)-Ding,L 
(2782) Bilbao 2015}) (12. d4 Qc7 13. Qd2 O-O $13) 12... O-O 13. Ng3 g6 $6 {
A strange move.} (13... Rc8 {was better.} 14. Re1 (14. b4 cxb3 15. cxb3 b4 (
15... d5 16. b4 Nc6 17. Rc1 dxe4 18. Bxe6 fxe6 19. dxe4 Qxd1 20. Rfxd1 a5 21.
bxa5 Nxa5 22. Rb1 Nc4 23. Rxb5 Bxa3 $11) 16. d4 bxa3 17. d5 Bd7 18. Bc1 Nb7 19.
Bxa3 Bb5 20. Re1 g6 21. Bb1 $13) 14... h6 15. Bd2 Nc6 (15... Nb7 16. d4 $13)
16. Bc3 $13 {with a very complicated position.}) 14. h3 (14. Bh6 Re8 15. Ng5 d5
(15... Bg4 $6 16. Qd2 Qb6 (16... Rc8 $6 17. h3 Bd7 18. f4 $18) 17. Kh1 Bf8 18.
Bxf8 Rxf8 19. f4 $18) 16. Nxe6 fxe6 17. Qe2 $14) 14... cxd3 $6 (14... Re8 15.
Bd2 $5 {with the idea 16.b4 or 16.Ng5} Rc8 (15... Nd7 16. b4 cxb3 17. cxb3 Nc6
18. b4 $14) 16. Ng5 d5 17. Re1 $14) 15. Bxe6 dxc2 $6 (15... fxe6 16. cxd3 $14)
16. Bxf7+ Rxf7 17. Qxc2 {The unharmoniously posted black piecess and the weak
position of the black king give White a solid and lasting advantage.} Qc8 18.
Qd1 Qb7 19. Rc1 Kg7 $2 $18 {The decisive mistake, Black loses material and and
his position is lost.} ({A better way was} 19... Rc8 20. Rxc8+ Qxc8 21. Ne2 $16
{with the idea Nc3-Nd5.}) (19... Nc4 20. Qe2 $16) 20. Bd2 Nc4 (20... Bd8 21.
Ng5 Re7 22. Bxa5 Bxa5 23. Qxd6 $16) 21. Ng5 Raf8 22. Ne6+ Kg8 23. Bh6 Rc8 24.
b3 Nxa3 25. Ng5 b4 26. f4 exf4 27. Rxf4 Rc3 28. Ne2 Rxc1 29. Qxc1 Rg7 30. Bxg7
(30. Qf1 $18) 30... Kxg7 31. Nd4 Qa7 32. Kh1 h6 33. Nde6+ Kh8 34. Rxf6 1-0

[Event "Tata Steel-A 75th"]
[Site "Wijk aan Zee"]
[Date "2013.01.14"]
[Round "3"]
[White "Anand, Viswanathan"]
[Black "Caruana, Fabiano"]
[Result "1-0"]
[WhiteElo "2772"]
[BlackElo "2781"]
[Annotator "Postny,E"]
[PlyCount "81"]
[EventDate "2013.01.12"]
[EventType "tourn"]
[EventRounds "13"]
[EventCountry "NED"]
[EventCategory "20"]
[SourceTitle "CBM 153"]
[Source "ChessBase"]
[SourceDate "2013.03.14"]
[SourceVersion "1"]
[SourceVersionDate "2013.03.14"]
[SourceQuality "1"]

1. e4 e5 2. Nf3 Nc6 3. Bb5 a6 4. Ba4 Nf6 5. O-O Be7 6. d3 {A common approach
nowadays. This way White avoids the Marshall attack and other variations which
have been analysed until the endgame.} b5 7. Bb3 d6 8. a3 {White wants to keep
his bishop on the important a2-g8 diagonal.} (8. a4 {is more common. I have
had myself several games here as Black, where I played either 8...b4 or 8...
Bd7.}) 8... O-O 9. Nbd2 Re8 $146 {This move hadn't appeared beforehand but, of
course, it is a standard one in these Ruy Lopez positions. However, I find it
as an inaccuracy. White hasn't played c2-c3 followed by d3-d4 yet, therefore
the Pe4 is not a target so far. This means that Black's rook might be not very
useful on e8. Instead, I prefer the plan adopted by Levon Aronian.} (9... Na5
10. Ba2 c5 {White can't really make use of the d5-square. Meanwhile, Black
seizes some space.} 11. Re1 Nc6 12. Nf1 Be6 13. Bxe6 fxe6 14. c3 Qd7 $11 {
1/2-1/2 (24) Anand,V (2792)-Aronian,L (2750) Mainz 2007}) (9... h6 10. Re1 Be6
11. Bxe6 fxe6 12. c3 Qe8 13. d4 Nh5 14. dxe5 Nxe5 15. Nxe5 dxe5 16. Nf3 Bd6 17.
b4 a5 18. Be3 Nf6 19. Nd2 $14 {1/2-1/2 (93) Balogh,C (2641)-Ragger,M (2655)
Austria 2013}) 10. Re1 Bf8 11. Nf1 {The knight is heading to the d5-square.} h6
{Covering the g5-square.} 12. Ne3 Be6 13. Bxe6 Rxe6 (13... fxe6 {is possible,
but then the rook is rather pointless on e8. In such case it should be on f8,
at least on the opened f-file, like in the above-mentioned game Balogh-Ragger.}
) 14. Nd5 Re8 {Black has neutralised the dangerous bishop, but he has lost a
couple of tempi.} 15. c4 Nb8 {In Breyer style.} (15... Nd4 $5 {was an
interesting alternative. In general, simplifications help Black to equalise.}
16. Be3 (16. Nxd4 exd4 $11 {[%cal Gc7c6] The pawn on d4 is not weak at all.})
16... Nxf3+ 17. Qxf3 Re6 18. Rac1 c6 {and White has only a minimal advantage
at best.}) 16. Bd2 Nxd5 17. cxd5 c6 18. Qb3 (18. Rc1 cxd5 19. exd5 Nd7 {
The c6-square gives White nothing special.} 20. Rc6 Nb8 21. Rc3 Nd7 $11) 18...
cxd5 (18... c5 $5 {was an option, getting a different type of structure.} 19.
a4 (19. Qc2 Nd7 20. b4 Rc8) 19... b4 20. a5 Nd7 21. Be3 f5 {In both cases
White should be slightly better, but the position is full of strategical
nuances.}) 19. Qxd5 Nd7 20. Rac1 Qb8 21. Rc3 $6 (21. Rc6 Nb6 22. Qb3 Qb7 23.
Rec1 Rac8 24. Qc2 Rxc6 25. Qxc6 Qb8 {[%cal Ge8c8]} 26. Qc7 Qxc7 27. Rxc7 Rc8
28. Ra7 Na4 29. b4 Rc2 30. Rxa6 Ra2 $11) (21. Ba5 $1 {[%csl Yc7] would be more
troublesome for Black, eyeing the c7-square.} Nf6 22. Qb3 Rc8 23. Rc3 Qa7 (
23... Qb7 24. Rec1 $14) 24. Rec1 $14) 21... Nf6 22. Qb3 Qb7 23. Rec1 Rac8 24.
h3 Rxc3 25. Qxc3 d5 {Black has achieved this favourable advance and is very
close to equalising.} 26. Nxe5 dxe4 27. d4 Qd5 28. Be3 {White still has
chances thanks to his control over the c-file.} Bd6 29. Ng4 Re6 30. Nxf6+ Rxf6
31. Kh1 $5 {I guess this move puzzled Caruana a bit. Now there is the threat
of 32.Qc6, which wasn't possible before, in view of Bd6-h2+.} Be7 {It was more
logical to offer the exchange of bishops straight away, but the move in the
text is not bad either.} (31... Bf4 32. Bxf4 Rxf4 33. Qe3 g5 34. Rc5 Qa2 35.
Rc8+ Kg7 36. Qc3 Rxf2 37. d5+ Rf6 38. Rc6 Qb1+ 39. Kh2 Qf1 40. d6 Qf4+ $11) 32.
Qc7 Re6 33. Qb8+ Kh7 34. Rc8 Bd6 $2 {Only this is the decisive mistake. It was
necessary to swap bishops.} (34... Bg5 35. Rh8+ Kg6 {White doesn't have more
than equality here, for example:} 36. Qf8 Bxe3 37. fxe3 Qg5 38. Rg8 Kh7 39.
Rh8+ Kg6 $11) 35. Rh8+ Kg6 36. Qg8 {[%csl Rh6][%cal Gh8h6] Now Black's
position collapses.} Kf6 37. Rh7 Ke7 38. Qxg7 Qh5 {[%tqu "En","How should
White continue the attack?","","","e3g5","The bishop delivers the final blow.",
5]} 39. Bg5+ $1 {The bishop delivers the final blow.} Kd7 (39... Qxg5 40. Qxf7+
Kd8 41. Qd7#) 40. Qxf7+ Qxf7 41. Rxf7+ ({After} 41. Rxf7+ Ke8 42. Rf6 Rxf6 43.
Bxf6 {two extra pawns are easily enough for a win.}) 1-0

[Event "Tata Steel-A 75th"]
[Site "Wijk aan Zee"]
[Date "2013.01.17"]
[Round "5"]
[White "Leko, Peter"]
[Black "Caruana, Fabiano"]
[Result "1-0"]
[WhiteElo "2735"]
[BlackElo "2781"]
[Annotator "Postny,E"]
[PlyCount "89"]
[EventDate "2013.01.12"]
[EventType "tourn"]
[EventRounds "13"]
[EventCountry "NED"]
[EventCategory "20"]
[SourceTitle "CBM 153"]
[Source "ChessBase"]
[SourceDate "2013.03.14"]
[SourceVersion "1"]
[SourceVersionDate "2013.03.14"]
[SourceQuality "1"]

1. e4 e5 2. Nf3 Nc6 3. Bb5 a6 4. Ba4 Nf6 5. O-O Be7 6. d3 b5 7. Bb3 d6 8. a4
Bd7 {This position has been a frequent guest in top tournaments recently. I
also have experience in this line.} 9. c3 (9. Be3 O-O 10. h3 Na5 11. Ba2 c5 12.
Nc3 b4 13. Nd5 Nxd5 14. Bxd5 Bc6 15. Bxc6 Nxc6 16. Nd2 d5 $11 {1-0 (62)
Volokitin,A (2709)-Postny,E (2638) Istanbul 2012}) 9... O-O 10. Bc2 {White
moves the bishop away in advance, not allowing the opponent to play Nc6-a5
followed by c7-c5.} (10. Nbd2) ({and} 10. Re1 {are the standard alternatives.})
10... b4 11. Re1 Re8 (11... bxc3 12. bxc3 d5 {was played twice by another top
Hungarian grandmaster Zoltan Almasi - a big expert in the Ruy Lopez.} 13. Nbd2
(13. h3 Be6 14. Nbd2 dxe4 15. dxe4 Nd7 16. Bb3 Nc5 17. Bxe6 Nxe6 18. Qc2 Nf4
19. Nc4 Qd3 20. Qxd3 Nxd3 21. Rd1 Nc5 $11 {1/2-1/2 (68) Almasi,Z (2717)-Adams,
M (2724) Caleta 2012}) 13... Re8 14. a5 h6 15. h3 Bd6 16. exd5 Nxd5 17. Ne4 Nf6
18. Ng3 Rb8 19. Nd2 Nd5 20. Nde4 Bf8 21. Bb3 Be6 22. Ba4 Bd7 23. Qf3 Re6 24.
Ng5 hxg5 25. Qxd5 $14 {1/2-1/2 (73) Bologan,V (2680)-Adams,M (2724) Caleta 2012
}) 12. Nbd2 Na5 $6 {This allows White to expand the centre comfortably.} (12...
Rb8 13. Nf1 (13. d4 bxc3 14. bxc3 exd4 15. cxd4 Nb4 {This is the point of
keeping the knight on c6.} 16. Bb1 h6 17. e5 Nfd5 {is not frightening for
Black.}) (13. Nc4 Be6 $11) 13... Bf8 14. Bg5 h6 15. Bh4 Be7 16. h3 Nh7 17. Bg3
Ng5 $11 {1-0 (61) Karjakin,S (2775)-Aronian,L (2815) Beijing 2012}) 13. d4 $14
(13. cxb4 $6 Nc6 {[%cal Gc6b4] is Black's dream.}) 13... Bf8 14. h3 h6 15. Bd3
bxc3 16. bxc3 c5 17. d5 {The position is stabilized. White has long-term
pressure thanks to his space superiority.} Qc7 $6 {Logical, but passive.
Probably, Fabiano didn't realize that his position is strategically quite
dangerous.} ({Black's play should be more dynamic:} 17... Nh5 $1 18. Nc4 Nxc4
19. Bxc4 Qf6 20. Rb1 Be7 21. Bf1 Qg6 22. Kh1 Bd8 {I have no doubt that White
is slightly better, but he doesn't have such a free hand as in the game.}) 18.
Nc4 {Of course, White is not going to play c3-c4. The c4-outpost is very
useful for his pieces.} Nxc4 19. Bxc4 Reb8 ({Black can't create any active
play. For instance:} 19... g6 20. Nd2 Bg7 21. Bd3 Rf8 22. Nc4 Nh7 23. a5 $16 {
[%cal Gc4b6,Ga1b1,Gb1b6]}) 20. Nd2 {White is going to change the guard on c4.}
Be8 21. Bd3 Nd7 22. a5 $1 {[%mdl 32]} ({The exchange of knights after} 22. Nc4
$2 Nb6 {would be a relief for Black.}) 22... Nf6 23. Nc4 {[%csl Gc4]} Bb5 24.
Nb6 Ra7 25. Qe2 ({It was also good to keep the bishops by} 25. Bc2 {Now} Nd7 $2
{loses a piece after} 26. c4 {[%csl Rb5]}) 25... Bxd3 26. Qxd3 Nd7 27. Nc4 Rab7
{Black has good control over the b-file, but it's of pretty little use to him.}
28. Bd2 Rb5 29. Rf1 {White is slowly going for the kingside offensive.} Be7 30.
f4 Bf6 31. g3 R8b7 32. Kg2 Nf8 33. Rf2 Ng6 34. Raf1 Qe7 35. Kh2 Rb8 (35... exf4
36. gxf4 Rb8 37. Re2 Re8 38. Rfe1 Bh4 39. Rg1 Bf6 40. e5 $1 dxe5 41. Rxg6 $1
fxg6 (41... e4 $2 42. Rxf6 $1 exd3 43. Rxe7 Rxe7 44. Rxa6 $18) 42. fxe5 Bg5 43.
d6 Qe6 44. Bxg5 hxg5 45. Nb6 {Black is a whole exchange up, but his position
is lost. Just compare those pawns on the g-file to White's connected passers.})
36. Rg2 Qc7 37. Rfg1 {I was amazed to see that Houdini engine evaluates this
position as equal. For a human player White's advantage is quite obvious.} Rb3
{This is the only square where Black's rook can penetrate, but there are no
objects to attack. The mighty Nc4 keeps everything under control.} 38. f5 Nf8
39. h4 Qd7 $2 (39... Nh7 $1 {was the only way to hold.} 40. Kh3 Bd8 41. g4 f6 {
It won't be easy at all for White to break through.}) 40. g4 $1 {Now White's
attack is straighforward and irresistible.} g5 (40... Bxh4 41. g5 $18 {The
knight is missing on h7.}) 41. fxg6 fxg6 (41... Nxg6 42. g5 hxg5 43. Bxg5 Bxg5
44. Rxg5 Kf8 45. h5 Nf4 46. Qg3 $18) 42. g5 hxg5 43. Bxg5 Bg7 (43... Bxg5 44.
Rxg5 $18 {[%cal Gh4h5]}) 44. h5 R8b4 45. hxg6 {A fine positional game by Leko!}
(45. hxg6 Qb5 46. Qf3 Rxc4 47. Qf7+ Kh8 48. Bf6 {mating.}) 1-0